[Event "Kemerovo op"]
[Site "Kemerovo"]
[Date "2009.10.19"]
[Round "5"]
[White "Kalashnikov, Aleksandr"]
[Black "Kudriashov, Anatoli"]
[Result "0-1"]
[WhiteElo "1844"]
[BlackElo "2318"]
[PlyCount "98"]
[EventDate "2009.10.16"]
[EventType "swiss"]
[EventRounds "9"]
[EventCountry "RUS"]
[SourceTitle "EXT 2010"]
[Source "ChessBase"]
[SourceDate "2010.11.25"]
[SourceVersion "1"]
[SourceVersionDate "2010.11.25"]
[SourceQuality "1"]

1. e4 e5 2. Nf3 Nc6 3. d4 exd4 4. Nxd4 Qf6 5. Be3 Nge7 6. c3 g6 7. f4 d6 8. Be2 Bd7 9. Bf3 0-0-0 10. Qa4 a6 11. Nd2 Bh6 12. g3 g5 13. Rf1 gxf4 14. Bh1 Ne5 15. Qc2 Bh3 16. 0-0-0 Bxf1 17. Rxf1 Ng4 18. Bxf4 Bxf4 19. Rxf4 Qg6 20. N2f3 h5 21. Qb3 Rde8 22. Kb1 Ne5 23. a4 c5 24. Nf5 Rhg8 25. Qb6 N7c6 26. Nd2 Rd8 27. b4 Nd7 28. Qxc6+ bxc6 29. Ne7+ Kc7 30. Nxg6 fxg6 31. Rf7 Rgf8 32. Rg7 Rg8 33. Rh7 cxb4 34. cxb4 Rb8 35. Kc2 Rxb4 36. Bg2 Rxa4 37. Bh3 Rd8 38. Rg7 c5 39. Rxg6 Ne5 40. Rg7+ Kb6 41. Be6 c4 42. Bd5 Kc5 43. Kc3 Ra3+ 44. Kb2 Rd3 45. Kc2 Kd4 46. Rc7 Rc3+ 47. Kd1 Rf8 48. Ke2 Rc2 49. Kd1 Kd3 0-1

[Event "Kemerovo-ch"]
[Site "Kemerovo"]
[Date "2009.03.18"]
[Round "4"]
[White "Kuznetsov, Petr"]
[Black "Kalashnikov, Aleksandr"]
[Result "1-0"]
[WhiteElo "2033"]
[BlackElo "1880"]
[PlyCount "87"]
[EventDate "2009.03.16"]
[EventType "swiss"]
[EventRounds "9"]
[EventCountry "RUS"]
[SourceTitle "EXT 2010"]
[Source "ChessBase"]
[SourceDate "2010.11.25"]
[SourceVersion "1"]
[SourceVersionDate "2010.11.25"]
[SourceQuality "1"]

1. b4 d5 2. Bb2 e6 3. b5 Nf6 4. Nf3 Nbd7 5. g3 c5 6. Bg2 Be7 7. 0-0 0-0 8. d3 a6 9. c4 axb5 10. cxb5 Nb6 11. a4 Nbd7 12. Nbd2 b6 13. e4 Bb7 14. Qc2 Qc7 15. exd5 exd5 16. Rfe1 Bd6 17. Nh4 Rfe8 18. Nf5 Bf8 19. Nf3 g6 20. Rxe8 Rxe8 21. Ne3 Bh6 22. Re1 d4 23. Bxd4 Qd6 24. Bc3 Bxe3 25. Rxe3 Rxe3 26. fxe3 c4 27. dxc4 Be4 28. Qd2 Qa3 29. Ng5 Bxg2 30. Kxg2 h6 31. Nh3 Qxa4 32. Bxf6 Nxf6 33. Qd4 Qc2+ 34. Nf2 Qf5 35. Qxb6 h5 36. Qb8+ Kg7 37. Qf4 Qc2 38. Qd4 g5 39. h3 g4 40. hxg4 hxg4 41. b6 Qe2 42. Qf4 Qb2 43. c5 Kf8 44. Qd4 1-0

[Event "Kemerovo-ch"]
[Site "Kemerovo"]
[Date "2009.03.17"]
[Round "2"]
[White "Kalashnikov, Aleksandr"]
[Black "Storozhev, Nikolai"]
[Result "0-1"]
[WhiteElo "1880"]
[BlackElo "2030"]
[PlyCount "72"]
[EventDate "2009.03.16"]
[EventType "swiss"]
[EventRounds "9"]
[EventCountry "RUS"]
[SourceTitle "EXT 2010"]
[Source "ChessBase"]
[SourceDate "2010.11.25"]
[SourceVersion "1"]
[SourceVersionDate "2010.11.25"]
[SourceQuality "1"]

1. e4 c5 2. Nf3 Nc6 3. d4 cxd4 4. Nxd4 Nf6 5. Nc3 d6 6. Be2 e5 7. Nb3 Be7 8. Bg5 0-0 9. Bxf6 Bxf6 10. Nd5 Bg5 11. 0-0 Be6 12. Bc4 a5 13. a4 Rc8 14. c3 Kh8 15. Nd2 Ne7 16. Nf3 Rxc4 17. Nxg5 Bxd5 18. Qh5 h6 19. exd5 Kg8 20. Qe2 Rc5 21. Ne4 Rxd5 22. Rad1 Rxd1 23. Rxd1 d5 24. Qb5 Qc7 25. Nc5 b6 26. Nb3 Rd8 27. g3 Qc6 28. c4 Qxb5 29. axb5 a4 30. Na1 d4 31. Nc2 Rc8 32. Na3 Nf5 33. Kf1 Nd6 34. f3 Nxc4 35. Nxc4 Rxc4 36. Ke2 Kf8 0-1